Statistics for Speed Geography 2

Click here to take the quiz!

General Stats

  • This quiz has been taken 95 times
  • The average score is 4 of 10

Answer Stats

HintAnswer% Correct
How many people (in billions) live on Jupiter?0
73%
What is the most populous country in Africa?Nigeria
70%
What sea is between Eritrea and Yemen?Red Sea
70%
What US state borders South Dakota and Illinois?Iowa
62%
What country contains Lake Baikal?Russia
54%
What European country contains the Danube river delta?Romania
49%
How many countries are in North America?23
38%
What is the closest star to the Earth other than the Sun?Alpha Centauri
13%
What major river flows into the Beaufort Sea?Mackenzie River
7%
What lake is the source of this river?Great Slave Lake
6%

Score Distribution

Percentile by Number Answered

Percent of People with Each Score

Your Score History

You have not taken this quiz